| 000 | 01252cam a22003497a 4500 | ||
|---|---|---|---|
| 003 | CHAP | ||
| 005 | 20220329140043.0 | ||
| 008 | 971013s1979 r 00010 d | ||
| 010 | _a46301 | ||
| 011 | _a47273 | ||
| 035 | _a51415 | ||
| 040 | _cCHAP | ||
| 082 |
_a338.109462 _bP4 |
||
| 100 | 0 | 0 |
_aPereira, Mario. _987122 |
| 245 | 1 | 2 | _aA estrutura agraria portuguesa, (1968-1970) : suas relacoes com a populacao e a producao agricolas |
| 260 |
_aOeiras : _bFundacao Calouste Gulbenkian. Centro de Estudos de Economía Agraria, _c1979 |
||
| 300 |
_a283 p. _b: gráfs. |
||
| 490 | 0 | _aEstudos | |
| 590 |
_aBATCH-UPD _b10 _c20130109 _lUCH01 _h2336 |
||
| 590 |
_aBATCH-UPD _b10 _c20130110 _lUCH01 _h2233 |
||
| 590 |
_aBATCH-UPD _b10 _c20130409 _lUCH01 _h1903 |
||
| 590 |
_aBATCH-UPD _b10 _c20130410 _lUCH01 _h1528 |
||
| 590 |
_aBATCH-UPD _b10 _c20130914 _lUCH01 _h0909 |
||
| 590 |
_aCONVERSION _b10 _c20130109 _lUCH01 _h1325 |
||
| 650 | 1 | 4 |
_aAgricultura _xAspectos economicos _xPortugal. _91285 |
| 650 | 1 | 4 |
_aTierras _xTenencia _xPortugal. _9113192 |
| 710 | 0 |
_aCentro de Estudos de Economía Agrária. Lisboa. _921097 |
|
| 830 | 0 |
_aEstudos _938572 |
|
| 901 | _aBK | ||
| 942 | _cLIBRO | ||
| 949 |
_a338.109462 P4 _bBC _cLIBRO _d33724000359519 _eLIBRO _h47451 _i51415 _mD _si |
||
| 999 |
_c46301 _d46301 |
||